000 00417nam a2200145Ia 4500
008 230917s9999||||xx |||||||||||||| ||und||
040 _e52698
_aMAIN
041 _aEnglish
082 _a341.23 G699P
100 _aGoswami, Subir
245 0 _aPolitics in law making: A study of theInternational Law Commission of the UN
260 _aNew Delhi
_bAshish Publishing House
_c1986
300 _axvi, 301 p.
942 _cBK
999 _c71074
_d71074